[Event "GBR-ch111 Major Open"]
[Site "Liverpool"]
[Date "2025.08.02"]
[Round "1.1"]
[White "Lukhi, Neev"]
[Black "Taylor, Adam A"]
[Result "0-1"]
[WhiteElo "1869"]
[BlackElo "2279"]
[PlyCount "140"]
[EventDate "2025.08.02"]
[EventType "swiss"]
[EventRounds "9"]
[EventCountry "GBR"]
[SourceTitle "BritBase"]
[Source "John Saunders"]
[SourceDate "2025.08.11"]
[SourceVersion "1"]
[SourceVersionDate "2025.08.11"]
[SourceQuality "1"]

1. d4 Nf6 2. Bf4 b6 3. e3 Bb7 4. Nd2 d6 5. h3 Nbd7 6. Ngf3 g6 7. c3 Bg7 8. Bc4 O-O 9. O-O e6 10. Qb3 Qe7 11. a4 e5 12. Bg5 h6 13. Bxf6 Nxf6 14. a5 e4 15. Nh2 h5 16. Qc2 Kh8 17. Rfe1 Bh6 18. Nhf1 Bc6 19. b4 b5 20. Bb3 d5 21. f3 Rae8 22. fxe4 Nxe4 23. Nxe4 Qxe4 24. Qf2 Qe7 25. Ra2 Qd6 26. Rae2 f5 27. Nd2 Bd7 28. Nf3 c6 29. Nd2 Re7 30. Nf3 Rfe8 31. Bc2 Qf6 32. h4 Re6 33. Nd2 Qe7 34. Nf1 Qf8 35. Nd2 Bc8 36. Bb1 R8e7 37. Nf1 Qe8 38. Qf3 Kg7 39. Bc2 Kh8 40. Bb1 Qf8 41. Nd2 Re8 42. Nf1 Kg7 43. Bc2 R6e7 44. Nh2 Qf6 45. Qf2 Rf8 46. Nf3 Re6 47. Nd2 Qe7 48. Nf1 Kg8 49. Nd2 Rf7 50. Bb1 Qd6 51. Nf3 Qd8 52. Nd2 Bf8 53. Nf3 Be7 54. Bc2 Qc7 55. Nd2 Bd6 56. Nf1 Kg7 57. Bb1 Qd8 58. Nd2 Re4 59. Nf3 Rg4 60. Ng5 Rxg5 61. hxg5 Qxg5 62. Rd1 Bg3 63. Qf3 Qh4 64. Red2 f4 65. e4 Bg4 66. e5 Qh2+ 67. Kf1 Qh1+ 68. Ke2 Qxg2+ 69. Kd3 Bf5+ 70. Qe4 Qxe4# 0-1

[Event "GBR-ch111 Major Open"]
[Site "Liverpool"]
[Date "2025.08.02"]
[Round "1.2"]
[White "Nasiri, Fahim"]
[Black "Waterfield, Mark B"]
[Result "1-0"]
[WhiteElo "2252"]
[BlackElo "1869"]
[PlyCount "65"]
[EventDate "2025.08.02"]
[EventType "swiss"]
[EventRounds "9"]
[EventCountry "GBR"]
[SourceTitle "BritBase"]
[Source "John Saunders"]
[SourceDate "2025.08.11"]
[SourceVersion "1"]
[SourceVersionDate "2025.08.11"]
[SourceQuality "1"]

1. e4 e6 2. d4 d5 3. Nc3 Bb4 4. e5 c5 5. Bd2 Nc6 6. Nb5 Bxd2+ 7. Qxd2 cxd4 8. f4 Nh6 9. Nf3 O-O 10. Nbxd4 Bd7 11. Bd3 f6 12. O-O-O a5 13. c3 Nf7 14. Qc2 h6 15. Nxc6 bxc6 16. Qe2 fxe5 17. fxe5 Ng5 18. h4 Nxf3 19. gxf3 Be8 20. Rdg1 Bh5 21. Qe3 Kh8 22. Rxg7 Kxg7 23. Rg1+ Kf7 24. Qxh6 Ke7 25. Qxh5 Rf7 26. Bg6 Rg7 27. Qh6 Qh8 28. Qg5+ Kf8 29. Qf6+ Kg8 30. Qxe6+ Kf8 31. Qf6+ Kg8 32. Bf7+ Kh7 33. Qf5+ 1-0

[Event "GBR-ch111 Major Open"]
[Site "Liverpool"]
[Date "2025.08.02"]
[Round "1.3"]
[White "Collins, Jonathan L"]
[Black "Xian, Junhao"]
[Result "0-1"]
[WhiteElo "1868"]
[BlackElo "2159"]
[PlyCount "118"]
[EventDate "2025.08.02"]
[EventType "swiss"]
[EventRounds "9"]
[EventCountry "GBR"]
[SourceTitle "BritBase"]
[Source "John Saunders"]
[SourceDate "2025.08.11"]
[SourceVersion "1"]
[SourceVersionDate "2025.08.11"]
[SourceQuality "1"]

1. d4 f5 2. Bg5 h6 3. Bh4 g5 4. e3 Bg7 5. Bg3 c5 6. c3 Qb6 7. Qb3 Qxb3 8. axb3 cxd4 9. Bxb8 Rxb8 10. exd4 a6 11. Bd3 d6 12. Nd2 b5 13. h4 e6 14. hxg5 hxg5 15. Rxh8 Bxh8 16. b4 Ne7 17. Kf1 Nd5 18. Re1 Kd7 19. g3 Bb7 20. Nb3 Bf6 21. Ke2 Rh8 22. Na5 Ba8 23. Ra1 g4 24. Nb3 Nc7 25. c4 bxc4 26. Bxc4 Rb8 27. Kd3 Rxb4 28. Kc3 Rb6 29. Ne2 Nd5+ 30. Kc2 Bg5 31. Ra3 Nb4+ 32. Kc3 Bd5 33. Bxd5 Nxd5+ 34. Kd3 Rb8 35. Kc2 Rh8 36. Nbc1 Rc8+ 37. Kb1 Nb4 38. Ra4 Rb8 39. b3 Bd2 40. Na2 Nxa2 41. Rxa2 Be1 42. Nc1 a5 43. Re2 Bc3 44. d5 e5 45. Ra2 Rb5 46. Kc2 Bd4 47. b4 axb4 48. Kb3 Rc5 49. Ra7+ Rc7 50. Rxc7+ Kxc7 51. Kxb4 Bxf2 52. Ne2 Kb6 53. Kc4 Be1 54. Kd3 Kc5 55. Kc2 Kxd5 56. Kd1 Bf2 57. Nc3+ Kc4 58. Ne2 Kd3 59. Nc1+ Ke3 0-1

[Event "GBR-ch111 Major Open"]
[Site "Liverpool"]
[Date "2025.08.02"]
[Round "1.4"]
[White "Wall, Tim P"]
[Black "Liu, Jacob"]
[Result "1-0"]
[WhiteElo "2158"]
[BlackElo "1859"]
[PlyCount "107"]
[EventDate "2025.08.02"]
[EventType "swiss"]
[EventRounds "9"]
[EventCountry "GBR"]
[SourceTitle "BritBase"]
[Source "John Saunders"]
[SourceDate "2025.08.11"]
[SourceVersion "1"]
[SourceVersionDate "2025.08.11"]
[SourceQuality "1"]

1. c4 c6 2. g3 Nf6 3. Bg2 d5 4. Nf3 Bf5 5. Qb3 Qc8 6. cxd5 cxd5 7. Nc3 e6 8. O-O Be7 9. d3 O-O 10. Re1 Nc6 11. e4 dxe4 12. dxe4 Bg4 13. Be3 Bxf3 14. Bxf3 Ne5 15. Be2 Neg4 16. Bf4 Bc5 17. Rf1 e5 18. Bg5 h6 19. Bxf6 Nxf6 20. Rac1 Qd7 21. Kg2 Rac8 22. Rfd1 Qe7 23. Nd5 Nxd5 24. Rxd5 Rfd8 25. Bc4 Rxd5 26. Bxd5 Rc7 27. Rc3 b6 28. Rf3 Qe8 29. Qc3 a5 30. Rf5 Bd6 31. Qf3 b5 32. Qh5 a4 33. h4 Qf8 34. g4 Rd7 35. g5 Bc7 36. g6 Kh8 37. gxf7 b4 38. Qg4 a3 39. bxa3 bxa3 40. Rf3 Rd6 41. Rxa3 Kh7 42. h5 Rf6 43. Rf3 Rd6 44. Qf5+ Kh8 45. Rg3 Rb6 46. Qd7 Bd6 47. Rg6 Kh7 48. Qf5 Kh8 49. Re6 Rb8 50. Qg6 Be7 51. Rxe5 Rb2 52. Qf5 Qb8 53. Rxe7 Rxf2+ 54. Qxf2 1-0

[Event "GBR-ch111 Major Open"]
[Site "Liverpool"]
[Date "2025.08.02"]
[Round "1.5"]
[White "Bartlett, Joel"]
[Black "Raju, Sooraj Menothuparam"]
[Result "0-1"]
[WhiteElo "1858"]
[BlackElo "2119"]
[PlyCount "44"]
[EventDate "2025.08.02"]
[EventType "swiss"]
[EventRounds "9"]
[EventCountry "GBR"]
[SourceTitle "BritBase"]
[Source "John Saunders"]
[SourceDate "2025.08.11"]
[SourceVersion "1"]
[SourceVersionDate "2025.08.11"]
[SourceQuality "1"]

1. e4 Nf6 2. e5 Nd5 3. d4 d6 4. Nf3 g6 5. Bc4 Nb6 6. Bb3 Bg7 7. Ng5 e6 8. Qf3 Qe7 9. Ne4 dxe5 10. Bg5 Qb4+ 11. c3 Qa5 12. d5 Nxd5 13. Bxd5 exd5 14. Nf6+ Kf8 15. Nxd5 Be6 16. Nf6 Nc6 17. b4 e4 18. Nxe4 Qf5 19. Nbd2 Nxb4 20. O-O Qxf3 21. Nxf3 Nxa2 22. Rfd1 h6 0-1

[Event "GBR-ch111 Major Open"]
[Site "Liverpool"]
[Date "2025.08.02"]
[Round "1.6"]
[White "Kolani, Arjun"]
[Black "Cowan, Xavier"]
[Result "1-0"]
[WhiteElo "2118"]
[BlackElo "1854"]
[PlyCount "67"]
[EventDate "2025.08.02"]
[EventType "swiss"]
[EventRounds "9"]
[EventCountry "GBR"]
[SourceTitle "BritBase"]
[Source "John Saunders"]
[SourceDate "2025.08.11"]
[SourceVersion "1"]
[SourceVersionDate "2025.08.11"]
[SourceQuality "1"]

1. e4 c5 2. Nf3 d6 3. d4 cxd4 4. Nxd4 Nf6 5. Nc3 a6 6. f3 e5 7. Nb3 Be6 8. Be3 Nbd7 9. Qd2 Be7 10. g4 b5 11. g5 b4 12. Na4 Nh5 13. O-O-O Qc7 14. Qxb4 d5 15. Qa5 Qxa5 16. Nxa5 d4 17. Bd2 O-O 18. b3 f5 19. Bd3 Nc5 20. Nxc5 Bxc5 21. Rde1 Nf4 22. Bc4 d3 23. Bxf4 Bxc4 24. Nxc4 exf4 25. cxd3 Rac8 26. Kb1 Rfd8 27. Rd1 Bd4 28. Rhe1 Bf2 29. Re2 Bh4 30. e5 Bxg5 31. d4 Be7 32. d5 Bb4 33. d6 a5 34. e6 1-0

[Event "GBR-ch111 Major Open"]
[Site "Liverpool"]
[Date "2025.08.02"]
[Round "1.7"]
[White "Bennett, Max"]
[Black "Nelson, Jonathan P"]
[Result "0-1"]
[WhiteElo "1852"]
[BlackElo "2114"]
[PlyCount "68"]
[EventDate "2025.08.02"]
[EventType "swiss"]
[EventRounds "9"]
[EventCountry "GBR"]
[SourceTitle "BritBase"]
[Source "John Saunders"]
[SourceDate "2025.08.11"]
[SourceVersion "1"]
[SourceVersionDate "2025.08.11"]
[SourceQuality "1"]

1. d4 Nf6 2. c4 c5 3. d5 g6 4. g3 Bg7 5. Bg2 d6 6. Nc3 O-O 7. Nf3 e5 8. O-O h6 9. h3 a6 10. a4 Nbd7 11. Qd3 Qe8 12. Nh4 Nh5 13. e4 Qe7 14. Be3 Nf4 15. Qd2 Nxg2 16. Kxg2 Kh7 17. Qd3 b6 18. Bd2 Rb8 19. Nd1 Nf6 20. f4 exf4 21. Rxf4 Nh5 22. Rf2 Bd7 23. Nc3 Bd4 24. Rf3 Nxg3 25. Rxg3 Qxh4 26. Rf1 Be5 27. Rgf3 Kg7 28. Bf4 Rbe8 29. Qe3 f5 30. b3 g5 31. Rg3 Kh7 32. Bxe5 Rxe5 33. Qf3 f4 34. Qd3 fxg3 0-1

[Event "GBR-ch111 Major Open"]
[Site "Liverpool"]
[Date "2025.08.02"]
[Round "1.8"]
[White "Varnam, Liam D"]
[Black "Mulukutla, Ayaansh"]
[Result "1/2-1/2"]
[WhiteElo "2105"]
[BlackElo "1852"]
[PlyCount "65"]
[EventDate "2025.08.02"]
[EventType "swiss"]
[EventRounds "9"]
[EventCountry "GBR"]
[SourceTitle "BritBase"]
[Source "John Saunders"]
[SourceDate "2025.08.11"]
[SourceVersion "1"]
[SourceVersionDate "2025.08.11"]
[SourceQuality "1"]

1. e4 c5 2. Nf3 e6 3. d4 cxd4 4. Nxd4 Nf6 5. Nc3 Nc6 6. Ndb5 d6 7. Bf4 e5 8. Bg5 a6 9. Na3 b5 10. Nab1 Be6 11. Nd5 Be7 12. Bxf6 Bxf6 13. a4 O-O 14. h4 h6 15. axb5 axb5 16. Rxa8 Qxa8 17. Nbc3 b4 18. Nxf6+ gxf6 19. Nd5 Bxd5 20. exd5 Ne7 21. Bd3 Qxd5 22. Qg4+ Kh8 23. Qh5 Kg7 24. Rh3 Rh8 25. Rg3+ Kf8 26. Qe2 Qd4 27. Qf3 e4 28. Bxe4 Qxb2 29. Bd3 Qe5+ 30. Kd2 Qc3+ 31. Ke2 Qe5+ 32. Kd2 Qc3+ 33. Ke2 1/2-1/2

[Event "GBR-ch111 Major Open"]
[Site "Liverpool"]
[Date "2025.08.02"]
[Round "1.9"]
[White "Gunatilake, Vinuda"]
[Black "Nicholas, Koichi B"]
[Result "0-1"]
[WhiteElo "1851"]
[BlackElo "2091"]
[PlyCount "118"]
[EventDate "2025.08.02"]
[EventType "swiss"]
[EventRounds "9"]
[EventCountry "GBR"]
[SourceTitle "BritBase"]
[Source "John Saunders"]
[SourceDate "2025.08.11"]
[SourceVersion "1"]
[SourceVersionDate "2025.08.11"]
[SourceQuality "1"]

1. d4 d5 2. c4 dxc4 3. e3 Nf6 4. Bxc4 e6 5. Nf3 a6 6. O-O c5 7. Qe2 Nc6 8. Rd1 b5 9. dxc5 Qc7 10. Bb3 Bxc5 11. e4 Ng4 12. Be3 Nxe3 13. fxe3 Bb7 14. Nbd2 O-O 15. a4 Qb6 16. Kf2 Rad8 17. Rac1 Nb4 18. Rc3 Rd6 19. axb5 axb5 20. e5 Rdd8 21. Rdc1 Rd7 22. Kf1 Be7 23. Nd4 Nd5 24. Bxd5 Rxd5 25. N2f3 b4 26. Rc6 Bxc6 27. Rxc6 Qa7 28. Qa6 Qxa6+ 29. Rxa6 Rc8 30. Ke2 h6 31. Kd3 Bf8 32. Ke4 Rdd8 33. Nc6 Rd1 34. b3 Rf1 35. Nfd4 Rf2 36. Kd3 Rxg2 37. Nb5 Rxh2 38. Nd6 Rc7 39. Nxb4 f6 40. Nc6 fxe5 41. Nc4 g5 42. N4xe5 h5 43. Nd4 g4 44. Nxe6 Rc8 45. Nf4 Bg7 46. Rg6 Kh7 47. Nf7 Rc3+ 48. Ke4 Rxb3 49. Ng5+ Kg8 50. Nge6 Rb7 51. Kd5 Ra7 52. Kc6 Kh8 53. Kb6 Re7 54. Rg5 Kh7 55. Kc6 Bh6 56. Re5 g3 57. Nxh5 Rxh5 58. Nf8+ Bxf8 59. Rxh5+ Bh6 0-1

[Event "GBR-ch111 Major Open"]
[Site "Liverpool"]
[Date "2025.08.02"]
[Round "1.10"]
[White "Rushbrooke, Remy"]
[Black "Ruane, Brendan J"]
[Result "1-0"]
[WhiteElo "2090"]
[BlackElo "1848"]
[PlyCount "77"]
[EventDate "2025.08.02"]
[EventType "swiss"]
[EventRounds "9"]
[EventCountry "GBR"]
[SourceTitle "BritBase"]
[Source "John Saunders"]
[SourceDate "2025.08.11"]
[SourceVersion "1"]
[SourceVersionDate "2025.08.11"]
[SourceQuality "1"]

1. Nf3 c5 2. g3 b6 3. Bg2 Bb7 4. c4 Nf6 5. O-O e6 6. Nc3 Be7 7. d4 cxd4 8. Qxd4 O-O 9. Rd1 Nc6 10. Qf4 a6 11. e4 d6 12. e5 Nxe5 13. Nxe5 Bxg2 14. Kxg2 dxe5 15. Qxe5 Qc8 16. b3 Qc6+ 17. f3 Rfd8 18. Bb2 Bf8 19. Ne2 Rd7 20. Rxd7 Qxd7 21. Qd4 Rd8 22. Rd1 Bc5 23. Qxd7 Rxd7 24. Rxd7 Nxd7 25. Nf4 Bd6 26. Nd3 f6 27. Bd4 Nc5 28. Bxc5 bxc5 29. f4 Kf7 30. Kf3 Ke8 31. Ke4 f5+ 32. Ke3 h6 33. b4 cxb4 34. c5 Be7 35. Kd4 a5 36. Kc4 Bf6 37. Kb5 Bc3 38. Ka6 Kd7 39. Kb7 1-0

[Event "GBR-ch111 Major Open"]
[Site "Liverpool"]
[Date "2025.08.02"]
[Round "1.11"]
[White "Clerc, Oceane"]
[Black "Jaunooby, Ali Reza"]
[Result "0-1"]
[WhiteElo "1844"]
[BlackElo "2082"]
[PlyCount "124"]
[EventDate "2025.08.02"]
[EventType "swiss"]
[EventRounds "9"]
[EventCountry "GBR"]
[SourceTitle "BritBase"]
[Source "John Saunders"]
[SourceDate "2025.08.11"]
[SourceVersion "1"]
[SourceVersionDate "2025.08.11"]
[SourceQuality "1"]

1. e4 g6 2. d4 Bg7 3. Nf3 d6 4. Nc3 Bg4 5. Be2 Nc6 6. Be3 e5 7. d5 Nce7 8. h3 Bd7 9. O-O h6 10. a4 f5 11. b4 Nf6 12. Bd3 f4 13. Bd2 g5 14. Ne2 Ng6 15. c4 g4 16. hxg4 Nxg4 17. g3 Qf6 18. Kg2 O-O-O 19. c5 Rdf8 20. Qc2 Kb8 21. c6 Bc8 22. cxb7 Bxb7 23. Bb5 Nxf2 24. Kxf2 fxg3+ 25. Kxg3 Nf4 26. Nxf4 exf4+ 27. Kf2 Qe7 28. Rac1 Bf6 29. Rh1 Rhg8 30. Bc6 Ba6 31. b5 Bc8 32. a5 Rg3 33. Rb1 Bg4 34. Rb3 Bxf3 35. Rxf3 Bd4+ 36. Ke2 Rxf3 37. Kxf3 Qg5 38. Be1 Rg8 39. Bd7 Bc5 40. Qh2 Be3 41. Bf2 Qf6 42. Be1 Rg3+ 43. Qxg3 fxg3+ 44. Kxe3 h5 45. Ke2 Qd4 46. Rxh5 Qxe4+ 47. Kd2 Qd4+ 48. Ke2 Qg7 49. Be6 a6 50. Rh1 Qd4 51. Rh6 Qe4+ 52. Kd1 Qd3+ 53. Bd2 g2 54. Rh8+ Ka7 55. Rg8 axb5 56. Rg7 Kb7 57. Rg8 Qf1+ 58. Kc2 g1=Q 59. Bc8+ Ka7 60. Rxg1 Qxg1 61. a6 Qc5+ 62. Kd1 Qxd5 0-1

[Event "GBR-ch111 Major Open"]
[Site "Liverpool"]
[Date "2025.08.02"]
[Round "1.12"]
[White "Arnott, Jonathan W"]
[Black "Ding, Yiwen"]
[Result "0-1"]
[WhiteElo "2079"]
[BlackElo "1844"]
[PlyCount "86"]
[EventDate "2025.08.02"]
[EventType "swiss"]
[EventRounds "9"]
[EventCountry "GBR"]
[SourceTitle "BritBase"]
[Source "John Saunders"]
[SourceDate "2025.08.11"]
[SourceVersion "1"]
[SourceVersionDate "2025.08.11"]
[SourceQuality "1"]

1. e4 c6 2. d4 d5 3. e5 e6 4. Nf3 c5 5. c3 Nc6 6. Bd3 Nge7 7. dxc5 Ng6 8. b4 Ncxe5 9. Bc2 Nxf3+ 10. Qxf3 Be7 11. Be3 Bd7 12. a4 a6 13. Ra3 Rc8 14. Nd2 Bc6 15. Bd4 Bf6 16. Bxf6 Qxf6 17. O-O Qg5 18. Bxg6 hxg6 19. Qe3 Qxe3 20. fxe3 Ke7 21. Nb3 e5 22. Na5 Rc7 23. Rb1 Bd7 24. c4 Be6 25. cxd5 Bxd5 26. Rd1 Rd8 27. Rad3 Rcd7 28. b5 axb5 29. axb5 Be4 30. Rxd7+ Rxd7 31. Rxd7+ Kxd7 32. Nc4 f6 33. Nd6 Bd3 34. Nxb7 Bxb5 35. Nd6 Kc6 36. Ne8 Kxc5 37. Nxg7 Kd6 38. h4 Ke7 39. h5 Kf7 40. h6 Bd7 41. Kf2 Kg8 42. g4 Kh7 43. g5 fxg5 0-1

[Event "GBR-ch111 Major Open"]
[Site "Liverpool"]
[Date "2025.08.02"]
[Round "1.13"]
[White "Gorskovs, Andrejs"]
[Black "Sefton, Adam"]
[Result "0-1"]
[WhiteElo "1844"]
[BlackElo "2074"]
[PlyCount "56"]
[EventDate "2025.08.02"]
[EventType "swiss"]
[EventRounds "9"]
[EventCountry "GBR"]
[SourceTitle "BritBase"]
[Source "John Saunders"]
[SourceDate "2025.08.11"]
[SourceVersion "1"]
[SourceVersionDate "2025.08.11"]
[SourceQuality "1"]

1. e4 c5 2. Nf3 d6 3. d4 cxd4 4. Nxd4 Nf6 5. Nc3 a6 6. g3 e5 7. Nde2 Be7 8. Bg2 b5 9. Nd5 Nbd7 10. Nec3 Nxd5 11. Nxd5 Nf6 12. Be3 Nxd5 13. exd5 Bf5 14. c3 O-O 15. O-O Qd7 16. f4 exf4 17. Bxf4 Bd8 18. Bxd6 Bb6+ 19. Kh1 Bg4 20. Qxg4 Qxg4 21. Bxf8 Rxf8 22. Rae1 Bc5 23. Re4 Qg5 24. Rd1 Bd6 25. a4 Qh5 26. Rd3 bxa4 27. Rh4 Qe2 28. Rf3 Rb8 0-1

[Event "GBR-ch111 Major Open"]
[Site "Liverpool"]
[Date "2025.08.02"]
[Round "1.14"]
[White "Bhatia, Kanishka"]
[Black "Swiatkowski, Dominik"]
[Result "1-0"]
[WhiteElo "2067"]
[BlackElo "1843"]
[PlyCount "71"]
[EventDate "2025.08.02"]
[EventType "swiss"]
[EventRounds "9"]
[EventCountry "GBR"]
[SourceTitle "BritBase"]
[Source "John Saunders"]
[SourceDate "2025.08.11"]
[SourceVersion "1"]
[SourceVersionDate "2025.08.11"]
[SourceQuality "1"]

1. e4 e5 2. Nf3 Nc6 3. Bc4 Bc5 4. d3 Nf6 5. Nc3 O-O 6. O-O h6 7. h3 a6 8. Be3 Bxe3 9. fxe3 d6 10. a3 Be6 11. Bxe6 fxe6 12. d4 Qe8 13. dxe5 Nxe5 14. Nxe5 dxe5 15. Qe2 Qc6 16. Qf3 Qc5 17. Qe2 Qc6 18. Qf3 Qc5 19. Qg3 Nh5 20. Qg4 Qxe3+ 21. Kh2 Nf4 22. Rf3 Qd2 23. Raf1 g5 24. Rd1 Qxc2 25. Rxf4 Rxf4 26. Qxe6+ Rf7 27. Rf1 Raf8 28. Qg6+ Rg7 29. Qe6+ Rgf7 30. Rf6 Qd2 31. Nd5 Kg7 32. Rg6+ Kh8 33. Rxh6+ Rh7 34. Qxe5+ Kg8 35. Rg6+ Kf7 36. Qe6# 1-0

[Event "GBR-ch111 Major Open"]
[Site "Liverpool"]
[Date "2025.08.02"]
[Round "1.15"]
[White "Cancedda-Dupuis, Livio"]
[Black "Munshi, Aryan"]
[Result "1-0"]
[WhiteElo "2053"]
[BlackElo "1841"]
[PlyCount "62"]
[EventDate "2025.08.02"]
[EventType "swiss"]
[EventRounds "9"]
[EventCountry "GBR"]
[SourceTitle "BritBase"]
[Source "John Saunders"]
[SourceDate "2025.08.11"]
[SourceVersion "1"]
[SourceVersionDate "2025.08.11"]
[SourceQuality "1"]

1. Nf3 d5 2. e3 Nf6 3. c4 e6 4. b3 Be7 5. Bb2 O-O 6. cxd5 exd5 7. d4 Bf5 8. Bd3 Ne4 9. O-O Nd7 10. Qc2 Bg6 11. Ne5 Nxe5 12. dxe5 Nc5 13. Bxg6 hxg6 14. Nc3 c6 15. Rad1 Qc8 16. Ne2 Qf5 17. Qd2 Ne4 18. Qc1 Ng5 19. Ng3 Qg4 20. f3 Qb4 21. Qc2 Bc5 22. Qd3 Rad8 23. Kh1 Qb6 24. f4 Ne4 25. Nxe4 dxe4 26. Qxe4 Bxe3 27. e6 Rfe8 28. Rxd8 Rxd8 29. e7 Re8 30. Qe5 f6 31. Qe6+ Kh7 1-0

[Event "GBR-ch111 Major Open"]
[Site "Liverpool"]
[Date "2025.08.02"]
[Round "1.16"]
[White "Blinkhorn, Joshua"]
[Black "Patel, Keatan"]
[Result "1/2-1/2"]
[WhiteElo "1838"]
[BlackElo "2041"]
[PlyCount "50"]
[EventDate "2025.08.02"]
[EventType "swiss"]
[EventRounds "9"]
[EventCountry "GBR"]
[SourceTitle "BritBase"]
[Source "John Saunders"]
[SourceDate "2025.08.11"]
[SourceVersion "1"]
[SourceVersionDate "2025.08.11"]
[SourceQuality "1"]

1. e4 e5 2. Nf3 Nc6 3. Bc4 Bc5 4. c3 Nf6 5. d4 exd4 6. b4 Bb6 7. e5 d5 8. exf6 dxc4 9. Qe2+ Be6 10. b5 d3 11. Qe4 Nb4 12. O-O Nc2 13. fxg7 Rg8 14. Bg5 Qd5 15. Qxh7 Kd7 16. Nbd2 Qf5 17. Qxf5 Bxf5 18. Rad1 Rxg7 19. Nxc4 Rag8 20. h4 f6 21. Bxf6 Rxg2+ 22. Kh1 Be4 23. Ncd2 Bf5 24. Nc4 Be4 25. Ncd2 Bf5 1/2-1/2

[Event "GBR-ch111 Major Open"]
[Site "Liverpool"]
[Date "2025.08.02"]
[Round "1.17"]
[White "Norris, Zack"]
[Black "Richmond, Frank"]
[Result "1-0"]
[WhiteElo "2036"]
[BlackElo "1836"]
[PlyCount "105"]
[EventDate "2025.08.02"]
[EventType "swiss"]
[EventRounds "9"]
[EventCountry "GBR"]
[SourceTitle "BritBase"]
[Source "John Saunders"]
[SourceDate "2025.08.11"]
[SourceVersion "1"]
[SourceVersionDate "2025.08.11"]
[SourceQuality "1"]

1. Nf3 Nf6 2. g3 e6 3. Bg2 d5 4. O-O c5 5. c4 Nc6 6. cxd5 Nxd5 7. d4 Be7 8. dxc5 O-O 9. a3 Bxc5 10. e4 Nf6 11. Qc2 Bb6 12. Rd1 Qe7 13. Nc3 Ng4 14. Rf1 Bd7 15. Bf4 f6 16. Rad1 Nge5 17. Qd2 Nxf3+ 18. Bxf3 Nd4 19. Bg2 Bc6 20. b4 Rfd8 21. Qb2 Nb5 22. Na4 Rxd1 23. Rxd1 Rd8 24. Rc1 Bd4 25. Qb3 g5 26. Be3 Bxe3 27. Qxe3 Nd4 28. Nc3 a5 29. bxa5 Qxa3 30. e5 Nf5 31. Qe1 Bxg2 32. Kxg2 fxe5 33. Ne4 Qe7 34. Qc3 Nd4 35. Qc5 Qxc5 36. Rxc5 Nc6 37. a6 Rb8 38. axb7 Ne7 39. Nd6 Kg7 40. Ra5 Kf6 41. Ne4+ Kf5 42. Nc5 Nc6 43. Rb5 Nd8 44. Kf3 h5 45. h3 g4+ 46. hxg4+ hxg4+ 47. Ke3 Kg6 48. Ke4 Kf7 49. Kxe5 Ke7 50. Rb6 Nf7+ 51. Kf4 e5+ 52. Kxg4 Kd8 53. Na6 1-0

[Event "GBR-ch111 Major Open"]
[Site "Liverpool"]
[Date "2025.08.02"]
[Round "1.18"]
[White "Kendall, Arthur"]
[Black "Pilley, Jack"]
[Result "0-1"]
[WhiteElo "1826"]
[BlackElo "2032"]
[PlyCount "62"]
[EventDate "2025.08.02"]
[EventType "swiss"]
[EventRounds "9"]
[EventCountry "GBR"]
[SourceTitle "BritBase"]
[Source "John Saunders"]
[SourceDate "2025.08.11"]
[SourceVersion "1"]
[SourceVersionDate "2025.08.11"]
[SourceQuality "1"]

1. d4 Nf6 2. Nf3 e6 3. e3 d5 4. Bd3 b6 5. Nbd2 Bb7 6. Qe2 Ne4 7. Bb5+ c6 8. Bd3 f5 9. Ne5 Nd7 10. Nxd7 Qxd7 11. O-O Bd6 12. f3 Nxd2 13. Bxd2 O-O 14. e4 c5 15. e5 Be7 16. c3 a6 17. a4 Bc6 18. b3 Qb7 19. b4 Qa7 20. Qf2 Qd7 21. Bc2 Rfc8 22. dxc5 bxc5 23. bxc5 Qa7 24. Be3 Be8 25. c6 Qc7 26. Bd4 Qa5 27. Rfb1 Rxc6 28. Rb7 Bc5 29. Qh4 Qxc3 30. Kh1 Qxd4 31. Rd1 Qxh4 0-1

[Event "GBR-ch111 Major Open"]
[Site "Liverpool"]
[Date "2025.08.02"]
[Round "1.19"]
[White "Williams, John P"]
[Black "De Silva, Sithun"]
[Result "0-1"]
[WhiteElo "2027"]
[BlackElo "1817"]
[PlyCount "60"]
[EventDate "2025.08.02"]
[EventType "swiss"]
[EventRounds "9"]
[EventCountry "GBR"]
[SourceTitle "BritBase"]
[Source "John Saunders"]
[SourceDate "2025.08.11"]
[SourceVersion "1"]
[SourceVersionDate "2025.08.11"]
[SourceQuality "1"]

1. e4 c6 2. Nc3 d5 3. Nf3 Bg4 4. h3 Bxf3 5. Qxf3 e6 6. d3 Nf6 7. g3 Nbd7 8. Bg2 Bb4 9. Bd2 O-O 10. a3 Ba5 11. Qe2 Rc8 12. O-O Qc7 13. Kh1 dxe4 14. dxe4 Qe5 15. f4 Qc7 16. e5 Bxc3 17. Bxc3 Nd5 18. Bd2 Rfe8 19. c4 Ne7 20. g4 Ng6 21. Bc3 Rcd8 22. Rad1 h6 23. Be4 Ngf8 24. Qf2 Qb6 25. Bd4 Qb3 26. Bg2 Nb6 27. Rc1 Nxc4 28. f5 exf5 29. Qxf5 Nd2 30. Rf4 Ng6 0-1

[Event "GBR-ch111 Major Open"]
[Site "Liverpool"]
[Date "2025.08.02"]
[Round "1.20"]
[White "Garnett, John S"]
[Black "Sanada, Tetsuaki"]
[Result "1/2-1/2"]
[WhiteElo "1816"]
[BlackElo "2021"]
[PlyCount "107"]
[EventDate "2025.08.02"]
[EventType "swiss"]
[EventRounds "9"]
[EventCountry "GBR"]
[SourceTitle "BritBase"]
[Source "John Saunders"]
[SourceDate "2025.08.11"]
[SourceVersion "1"]
[SourceVersionDate "2025.08.11"]
[SourceQuality "1"]

1. c4 c6 2. e4 d5 3. exd5 cxd5 4. d4 Nf6 5. Nc3 e6 6. Nf3 Be7 7. Bd3 dxc4 8. Bxc4 a6 9. O-O O-O 10. Bf4 Nbd7 11. Rc1 Nb6 12. Bd3 Nbd5 13. Nxd5 Nxd5 14. Be5 Bd7 15. Qe2 Qa5 16. a3 Bb5 17. Bxb5 axb5 18. Nd2 b4 19. axb4 Qxb4 20. Nc4 Ra2 21. Rc2 Rfa8 22. h3 h6 23. Ne3 Nf6 24. d5 Nxd5 25. Nxd5 exd5 26. Rc7 Bd6 27. Bxd6 Qxd6 28. Rxb7 Ra1 29. g3 d4 30. Qf3 Qe6 31. Rxa1 Rxa1+ 32. Kg2 Ra5 33. Rb8+ Kh7 34. Qd3+ f5 35. b4 Rd5 36. b5 Qe4+ 37. Qxe4 fxe4 38. Kf1 Rc5 39. Rd8 d3 40. b6 Rc1+ 41. Kg2 Rb1 42. Rd4 Kg6 43. b7 Kf5 44. f3 Rb2+ 45. Kf1 Rb1+ 46. Kf2 Rb2+ 47. Kf1 Rxb7 48. fxe4+ Ke5 49. Rxd3 Kxe4 50. Rd2 Rb3 51. Kf2 Rf3+ 52. Kg2 Rf7 53. Ra2 Ke3 54. h4 1/2-1/2